| 000 | 00429nam a2200169Ia 4500 | ||
|---|---|---|---|
| 008 | 190516s9999 xx 000 0 und d | ||
| 100 | _aGiron, Anthony | ||
| 245 | _aCavite lays out 2016 dengue action plan/ | ||
| 245 | _cAnthony Giron | ||
| 260 | _bManila Bulletin | ||
| 260 | _c2018 | ||
| 300 | _aFebruary 21 | ||
| 440 | _aManila Bulletin | ||
| 650 | _adengue -- disease | ||
| 650 | _ahealth | ||
| 650 | _ahealth program | ||
| 999 |
_c361867 _d361867 |
||